| 000 | 00660nam a22002055i 4500 | ||
|---|---|---|---|
| 001 | 166989 | ||
| 003 | ES-MaACL | ||
| 005 | 20250801100037.0 | ||
| 008 | 050922s1871 it | |||||||| ||ita d | ||
| 040 |
_aCAM _bspa _cCAM |
||
| 100 | 1 |
_aVannucci, Atto. _9133548 |
|
| 245 | 1 | 0 |
_aStudi storici e morali sulla letteratura latina / _cdi Atto Vannucci. |
| 250 | _a3º ed. con molte corr. ed agg. | ||
| 260 |
_aTorino [etc.] : _bErmanno Loescher, _c1871 ( _fTip. V. Bona) |
||
| 300 |
_aIV, 650 p. ; _c20 cm. |
||
| 650 | 7 |
_aLiteratura latina _2embne _914632 |
|
| 752 |
_aItalia - _dTurín |
||
| 852 |
_aES-MaACL _jB-2569 _z-- Enc. hol. |
||
| 999 |
_c166989 _d166989 |
||